000 009670000a22001930004500
100 1 _aBarth, Karl
245 1 0 _aThe doctrine of reconciliation / Karl Barth ; Translated by G. W. Bromiley
260 _aEdinburgh, Scotland : T. & T. Clark
300 _a4 volúmenes
440 0 _aChurch dogmatics, Volume IV / Edited by G. W. Bromiiley, T. F. Torrance
500 _aTítulo original en alemán: Die Lehre von der Versöhnung \ Incluye índices
501 _aPasta dura
505 0 0 _aVolumen 1: El tema y los problemas de la doctrina de la reconciliación - Jesucristo, el Señor, como siervo \ Volumen 2: Jesucristo, el siervo como Señor \ Volumen 3, Tomo 1: Jesucristo, el verdadero testigo \ Volumen 3, Tomo 2: Segunda parte de Jesucristo, el verdader testigo \Volumen 5: La fundación de la vida cristiana
001 19656
942 _cBK
999 _c46018
_d46018
336 _atexto
_btxt
_2rdacontent
337 _2rdamedia
_asin mediación
_bn
338 _2rdacarrier
_avolumen
_bnc